| 000 | 00434nam a2200181Ia 4500 | ||
|---|---|---|---|
| 001 | 13108 | ||
| 005 | 20260306163029.0 | ||
| 008 | 260306t1999||||xx |||||||||||||| ||spa|| | ||
| 041 | _aESP | ||
| 082 |
_aRE 128.2 _bE56 |
||
| 100 |
_aWilson, Robert A. (ed.) _eAUT |
||
| 245 | 0 |
_aCiencias cognitivas: _bM-Z |
|
| 260 | _c1999 | ||
| 300 |
_a1461 páginas :V. 2 _c25 cm. |
||
| 650 | _aGEN | ||
| 654 | _aCHU | ||
| 942 |
_cLIB _dJUS _fJUS _2ddc _n |
||
| 999 |
_c13108 _d13108 |
||